Têritoria

Spremljeno u:
Bibliografski detalji
Glavni autor: Kuvaiev, Olek
Format: Knjiga
Jezik:Undetermined
Izdano: Hà Nội Lao Động 1983
Teme:
Oznake: Dodaj oznaku
Bez oznaka, Budi prvi tko označuje ovaj zapis!
Thư viện lưu trữ: Trung tâm Học liệu Trường Đại học Cần Thơ
LEADER 00498nam a2200181Ia 4500
001 CTU_15823
008 210402s9999 xx 000 0 und d
082 |a 891.73 
082 |b K97 
100 |a Kuvaiev, Olek 
245 0 |a Têritoria 
245 0 |c Olek Kuvaiev ; Đoàn Tử Huyến (dịch) 
260 |a Hà Nội 
260 |b Lao Động 
260 |c 1983 
650 |a Russian fiction 
904 |i Minh, Qhieu sửa 
980 |a Trung tâm Học liệu Trường Đại học Cần Thơ